| 000 | 00871nam a2200241 i 4500 | ||
|---|---|---|---|
| 001 | bg | ||
| 245 | 0 | 0 |
_aSłownik biograficzny techników polskich. _nZ. 9 / _c[red. nacz. Zbigniew Skoczyński] ; Federacja Stowarzyszeń Naukowo-Technicznych. |
| 260 |
_aWarszawa : _bFSN-T, _c1998. |
||
| 300 |
_a209 s. ; _c24 cm. |
||
| 504 | _aBibliogr. przy hasłach. | ||
| 650 | 9 |
_aInżynierowie _xbiografie _zPolska _y19-20 w. |
|
| 650 | 9 |
_aPracownicy naukowi _xbiografie _zPolska _y19-20 w. |
|
| 700 | 1 |
_aSKOCZYŃSKI, Zbigniew. _eRed. |
|
| 710 | 0 | _aFederacja Stowarzyszeń Naukowo-Technicznych NOT | |
| 020 | _a8385001328 | ||
| 040 | _cBPK | ||
| 041 | 0 | _apol | |
| 080 | _a62:929-052](438)"18/19" | ||
| 920 | _a83-85001-32-8 | ||
| 942 | _cKS | ||
| 008 | s pl f |000 0 pol | ||
| 999 |
_c42545 _d42545 |
||
| 856 |
_uhttp://koha.tu.koszalin.pl/cgi-bin/koha/opac-detail.pl?biblionumber=42545 _yKatalog online BPK |
||